[Event "Rhein Main op 11th"]
[Site "Bad Homburg"]
[Date "2008.05.22"]
[Round "3"]
[White "Von Auer, Ulrich"]
[Black "Moser, Eva"]
[Result "1/2-1/2"]
[WhiteElo "2101"]
[BlackElo "2395"]
[PlyCount "93"]
[EventDate "2008.05.21"]
[EventType "swiss"]
[EventRounds "7"]
[EventCountry "GER"]
[SourceTitle "CBM 124 Extra"]
[Source "ChessBase"]
[SourceDate "2008.07.03"]
[SourceVersion "1"]
[SourceVersionDate "2008.07.03"]
[SourceQuality "1"]

1. d4 c5 2. d5 d6 3. e4 g6 4. c4 Bg7 5. Nc3 Nf6 6. Nf3 O-O 7. Bd3 Bg4 8. h3
Bxf3 9. Qxf3 Na6 10. O-O Nc7 11. Bf4 Nd7 12. Qe3 Re8 13. Qd2 a6 14. Rfe1 Bd4
15. Ne2 Bf6 16. Nc3 Ne5 17. Bf1 Kh8 18. Bg5 Bxg5 19. Qxg5 Nd7 20. Qg3 Rg8 21.
a4 g5 22. Nd1 Ne5 23. Ne3 Qf8 24. Ng4 f6 25. Nxe5 fxe5 26. Be2 Qf4 27. Bg4 Qxg3
28. fxg3 b5 29. cxb5 axb5 30. a5 Rgf8 31. Rf1 Rf6 32. Bd7 Kg7 33. Bc6 Ra7 34.
Rf3 Rxf3 35. gxf3 Kf6 36. Kf2 h5 37. Ke3 h4 38. gxh4 gxh4 39. f4 exf4+ 40. Kxf4
e6 41. Kg4 Ke5 42. Kxh4 exd5 43. exd5 Nxd5 44. Re1+ Kf4 45. Rf1+ Ke5 46. Re1+
Kf4 47. Rf1+ 1/2-1/2

[Event "Rhein Main op 11th"]
[Site "Bad Homburg"]
[Date "2008.05.22"]
[Round "2"]
[White "Moser, Eva"]
[Black "Roediger, Thomas"]
[Result "1-0"]
[WhiteElo "2395"]
[BlackElo "2080"]
[PlyCount "61"]
[EventDate "2008.05.21"]
[EventType "swiss"]
[EventRounds "7"]
[EventCountry "GER"]
[SourceTitle "CBM 124 Extra"]
[Source "ChessBase"]
[SourceDate "2008.07.03"]
[SourceVersion "1"]
[SourceVersionDate "2008.07.03"]
[SourceQuality "1"]

1. g3 d5 2. Nf3 Nf6 3. Bg2 g6 4. c4 c6 5. Qa4 dxc4 6. Qxc4 Bg7 7. O-O O-O 8. d3
Nbd7 9. Nc3 Qa5 10. Qh4 Qh5 11. Qxh5 Nxh5 12. Bd2 Nb6 13. Rfc1 Bd7 14. Rab1
Rfc8 15. Ne4 Rd8 16. Nc5 Bc8 17. b4 Nd5 18. a4 Nhf6 19. Nb3 Nb6 20. a5 Nbd5 21.
a6 b6 22. Nbd4 Bxa6 23. Nxc6 Re8 24. b5 Bb7 25. e4 Nc7 26. Na5 bxa5 27. Rxc7
Rab8 28. Bxa5 Nxe4 29. dxe4 Bxe4 30. Rb4 Bd3 31. Bf1 1-0

[Event "Rhein Main op 11th"]
[Site "Bad Homburg"]
[Date "2008.05.21"]
[Round "1"]
[White "Plattner, Rolf"]
[Black "Moser, Eva"]
[Result "0-1"]
[WhiteElo "1922"]
[BlackElo "2395"]
[PlyCount "78"]
[EventDate "2008.05.21"]
[EventType "swiss"]
[EventRounds "7"]
[EventCountry "GER"]
[SourceTitle "CBM 124 Extra"]
[Source "ChessBase"]
[SourceDate "2008.07.03"]
[SourceVersion "1"]
[SourceVersionDate "2008.07.03"]
[SourceQuality "1"]

1. d4 c5 2. c3 e6 3. e4 d5 4. e5 Nc6 5. Nf3 Bd7 6. Be2 Nge7 7. Na3 cxd4 8. cxd4
Nf5 9. Nc2 Qb6 10. O-O Na5 11. b3 Rc8 12. Ne3 Nxe3 13. Bxe3 Be7 14. Bd3 Bb5 15.
Qe2 Bxd3 16. Qxd3 Qa6 17. Qxa6 bxa6 18. Rac1 Kd7 19. Rxc8 Rxc8 20. Rc1 Nc6 21.
Bd2 Rb8 22. Kf1 a5 23. Rc2 f6 24. Ke2 g5 25. h3 h5 26. g4 hxg4 27. hxg4 Rh8 28.
Be3 Nb4 29. Rd2 Rg8 30. exf6 Bxf6 31. Ne5+ Bxe5 32. dxe5 Nc6 33. Bd4 Rh8 34.
Ke3 Rh1 35. f3 a6 36. Bc3 Kc7 37. Re2 Kb6 38. Bd4+ Kb5 39. Rc2 Re1+ 0-1

[Event "Maastricht Limburg op"]
[Site "Maastricht"]
[Date "2008.05.12"]
[Round "7"]
[White "Van Beek, Alexander"]
[Black "Moser, Eva"]
[Result "0-1"]
[WhiteElo "2343"]
[BlackElo "2395"]
[PlyCount "106"]
[EventDate "2008.05.09"]
[EventType "swiss"]
[EventRounds "7"]
[EventCountry "NED"]
[SourceTitle "EXT 2009"]
[Source "ChessBase"]
[SourceDate "2008.11.26"]
[SourceVersion "1"]
[SourceVersionDate "2008.11.26"]
[SourceQuality "1"]

1. e4 c5 2. Nf3 Nc6 3. c3 d5 4. exd5 Qxd5 5. Na3 e6 6. d4 Nf6 7. Be3 cxd4 8.
Nb5 Qd8 9. Nbxd4 Nxd4 10. Qxd4 Qxd4 11. Bxd4 Be7 12. Ne5 O-O 13. g3 Nd5 14. Bg2
f6 15. Nd3 Bd7 16. Nc5 Bxc5 17. Bxc5 Rfc8 18. Ba3 Bc6 19. O-O b5 20. Rfe1 Kf7
21. Bh3 f5 22. Bc5 g5 23. Bd4 g4 24. Bg2 Nf6 25. Bxc6 Rxc6 26. a4 bxa4 27. Rxa4
a6 28. Rea1 Ne4 29. Rb4 Re8 30. Bb6 Ra8 31. Rd1 a5 32. Rxe4 fxe4 33. Rd7+ Kg6
34. Bd4 h5 35. Rg7+ Kh6 36. Rb7 a4 37. Kf1 a3 38. bxa3 Rxa3 39. Ke2 Ra5 40. Ke3
e5 41. Ba7 Ra4 42. Rb6 Rxb6 43. Bxb6 Kg6 44. Bc5 Kf5 45. Bb4 Ra2 46. Bc5 Rc2
47. Bb4 Ke6 48. Ba5 Kd5 49. Bb4 Rc1 50. Ba5 Re1+ 51. Kd2 Rh1 52. Ke3 Rxh2 53.
Bb6 h4 0-1

[Event "Maastricht Limburg op"]
[Site "Maastricht"]
[Date "2008.05.12"]
[Round "6"]
[White "Moser, Eva"]
[Black "Lukman, Ronny"]
[Result "1-0"]
[WhiteElo "2395"]
[BlackElo "2228"]
[PlyCount "70"]
[EventDate "2008.05.09"]
[EventType "swiss"]
[EventRounds "7"]
[EventCountry "NED"]
[SourceTitle "EXT 2009"]
[Source "ChessBase"]
[SourceDate "2008.11.26"]
[SourceVersion "1"]
[SourceVersionDate "2008.11.26"]
[SourceQuality "1"]

1. e4 c5 2. d3 Nc6 3. g3 d5 4. Nc3 Nf6 5. exd5 Nxd5 6. Bg2 Nxc3 7. bxc3 g6 8.
Ne2 Bg7 9. O-O Bg4 10. h3 Bd7 11. Be3 b6 12. d4 cxd4 13. cxd4 Rc8 14. d5 Ne5
15. Bd4 O-O 16. Re1 Ba4 17. Rc1 Qd6 18. Nc3 Rc4 19. Re4 Rxd4 20. Rxd4 Bd7 21.
Ne4 Qa3 22. c3 Rc8 23. Nd2 Bb5 24. Nb3 Ba4 25. d6 Bxb3 26. axb3 exd6 27. Rxd6
Bf8 28. Rd2 Qc5 29. Rd8 Rxd8 30. Qxd8 Qe7 31. Qd4 Qc7 32. Rd1 g5 33. Qd8 Qxc3
34. Qd5 a5 35. Qd4 Qc7 1-0

[Event "Maastricht Limburg op"]
[Site "Maastricht"]
[Date "2008.05.10"]
[Round "3"]
[White "Van der Velden, Bram"]
[Black "Moser, Eva"]
[Result "1-0"]
[WhiteElo "2196"]
[BlackElo "2395"]
[PlyCount "81"]
[EventDate "2008.05.09"]
[EventType "swiss"]
[EventRounds "7"]
[EventCountry "NED"]
[SourceTitle "EXT 2009"]
[Source "ChessBase"]
[SourceDate "2008.11.26"]
[SourceVersion "1"]
[SourceVersionDate "2008.11.26"]
[SourceQuality "1"]

1. d4 e6 2. c4 f5 3. g3 Nf6 4. Bg2 d5 5. Nc3 c6 6. Nh3 Bd6 7. O-O O-O 8. Bf4
Be7 9. Qa4 Nbd7 10. c5 e5 11. Bxe5 Nxe5 12. dxe5 Nd7 13. b4 Nxe5 14. Rad1 Qe8
15. Nf4 Bf6 16. Qb3 Kh8 17. e3 Bd7 18. Nce2 a5 19. a3 axb4 20. axb4 Nc4 21. Nd4
Ra3 22. Qc2 Qa8 23. Nxd5 cxd5 24. Bxd5 Ne5 25. b5 g6 26. c6 bxc6 27. bxc6 Bc8
28. Qc5 Bg7 29. Nb5 Ra5 30. f4 Qa6 31. fxe5 Rxb5 32. Qd6 Rb2 33. Bf3 Qc4 34.
Rf2 Rxf2 35. Kxf2 Qe6 36. Qxe6 Bxe6 37. Rd6 Re8 38. c7 Bc8 39. Rd8 Rf8 40. Bd5
h6 41. e6 1-0

[Event "Maastricht Limburg op"]
[Site "Maastricht"]
[Date "2008.05.10"]
[Round "2"]
[White "Moser, Eva"]
[Black "Ouwersloot, Hans"]
[Result "1-0"]
[WhiteElo "2395"]
[BlackElo "2038"]
[PlyCount "63"]
[EventDate "2008.05.09"]
[EventType "swiss"]
[EventRounds "7"]
[EventCountry "NED"]
[SourceTitle "EXT 2009"]
[Source "ChessBase"]
[SourceDate "2008.11.26"]
[SourceVersion "1"]
[SourceVersionDate "2008.11.26"]
[SourceQuality "1"]

1. g3 Nf6 2. Bg2 e5 3. c4 Nc6 4. Nc3 Be7 5. e3 O-O 6. Nge2 d6 7. O-O Bg4 8. h3
Be6 9. Nd5 Qd7 10. Kh2 Bxd5 11. cxd5 Nb4 12. Qb3 c5 13. dxc6 Nxc6 14. Nc3 Rab8
15. Nd5 Nxd5 16. Bxd5 Bd8 17. d3 Ne7 18. Bg2 b5 19. Bd2 a5 20. a4 b4 21. Rac1
Bb6 22. h4 d5 23. Bh3 Qd6 24. Qd1 Rbd8 25. Qe2 f5 26. d4 exd4 27. exd4 Bxd4 28.
Bf4 Qd7 29. Rc7 Qxa4 30. Rxe7 Qc6 31. Rc1 Qa8 32. Be5 1-0

[Event "Maastricht Limburg op"]
[Site "Maastricht"]
[Date "2008.05.09"]
[Round "1"]
[White "Coenen, Eduard"]
[Black "Moser, Eva"]
[Result "1/2-1/2"]
[WhiteElo "2161"]
[BlackElo "2395"]
[PlyCount "67"]
[EventDate "2008.05.09"]
[EventType "swiss"]
[EventRounds "7"]
[EventCountry "NED"]
[SourceTitle "EXT 2009"]
[Source "ChessBase"]
[SourceDate "2008.11.26"]
[SourceVersion "1"]
[SourceVersionDate "2008.11.26"]
[SourceQuality "1"]

1. d4 e6 2. Nf3 f5 3. g3 Nf6 4. Bg2 Be7 5. O-O O-O 6. b3 d6 7. Bb2 a5 8. c4 a4
9. b4 d5 10. c5 Bd7 11. a3 Ne4 12. Ne5 Nc6 13. Nxc6 Bxc6 14. f3 Ng5 15. Nc3 f4
16. Bc1 fxg3 17. hxg3 Qe8 18. Bxg5 Bxg5 19. f4 Bf6 20. Qd3 Qe7 21. e3 Kh8 22.
Rf2 Be8 23. Raf1 Bf7 24. f5 Rad8 25. fxe6 Bg6 26. e4 dxe4 27. Bxe4 Qxe6 28.
Bxg6 hxg6 29. Qxg6 Qe3 30. Ne2 Rd5 31. Kg2 Re8 32. Qc2 Qxa3 33. Rh1+ Kg8 34.
Qc4 1/2-1/2

[Event "BL 0708 (Women)"]
[Site "Germany"]
[Date "2008.04.13"]
[Round "11.1"]
[White "Vajda, Szidonia"]
[Black "Moser, Eva"]
[Result "1/2-1/2"]
[WhiteElo "2418"]
[BlackElo "2402"]
[PlyCount "36"]
[EventDate "2007.11.10"]
[EventType "team-tourn"]
[EventRounds "11"]
[EventCountry "GER"]
[SourceTitle "EXT 2009"]
[Source "ChessBase"]
[SourceDate "2008.11.26"]
[SourceVersion "1"]
[SourceVersionDate "2008.11.26"]
[SourceQuality "1"]
[WhiteTeam "Dresden TU (W)"]
[BlackTeam "Baden-Baden (W)"]
[WhiteTeamCountry "GER"]
[BlackTeamCountry "GER"]

1. e4 c5 2. Nf3 Nc6 3. c3 d5 4. exd5 Qxd5 5. d4 e6 6. Be3 cxd4 7. cxd4 Nf6 8.
Nc3 Qd6 9. a3 Be7 10. Bd3 O-O 11. O-O b6 12. Qc2 Bb7 13. Rad1 Rac8 14. Rfe1 Bd8
15. Bg5 h6 16. Bxf6 Bxf6 17. d5 exd5 18. Nxd5 Ne5 1/2-1/2

[Event "BL 0708 (Women)"]
[Site "Germany"]
[Date "2008.04.12"]
[Round "10.1"]
[White "Moser, Eva"]
[Black "Kludacz, Magdalena"]
[Result "1/2-1/2"]
[WhiteElo "2402"]
[BlackElo "2217"]
[PlyCount "102"]
[EventDate "2007.11.10"]
[EventType "team-tourn"]
[EventRounds "11"]
[EventCountry "GER"]
[SourceTitle "EXT 2009"]
[Source "ChessBase"]
[SourceDate "2008.11.26"]
[SourceVersion "1"]
[SourceVersionDate "2008.11.26"]
[SourceQuality "1"]
[WhiteTeam "Baden-Baden (W)"]
[BlackTeam "Torgelow (W)"]
[WhiteTeamCountry "GER"]
[BlackTeamCountry "GER"]

1. g3 d5 2. Nf3 c6 3. Bg2 Nf6 4. O-O Bf5 5. d3 e6 6. Nbd2 h6 7. Qe1 Bh7 8. e4
Be7 9. Ne5 Nbd7 10. Nxd7 Nxd7 11. f4 Qb6+ 12. Kh1 dxe4 13. dxe4 O-O 14. Nc4 Qc7
15. Bd2 Rad8 16. a4 Nc5 17. Ba5 b6 18. Bc3 Nd7 19. Qe2 Rfe8 20. Rad1 b5 21. Ba5
Nb6 22. axb5 cxb5 23. Ne5 Bf6 24. Qxb5 Bxe5 25. Rxd8 Rxd8 26. Qxe5 Qxe5 27.
fxe5 Rd4 28. Re1 Rc4 29. c3 Rc5 30. Rd1 Bg6 31. Bxb6 axb6 32. Rd8+ Kh7 33. Rd6
Rxe5 34. Rxb6 Bxe4 35. Bxe4+ Rxe4 36. h3 Re2 37. b4 Rc2 38. Rc6 Rb2 39. Rc5 Kg6
40. b5 f6 41. c4 e5 42. Rc7 h5 43. h4 Rb4 44. Kg2 Kf5 45. Rxg7 Rxc4 46. b6 Rb4
47. b7 Ke4 48. g4 Rb2+ 49. Kg3 Rb3+ 50. Kg2 Rb2+ 51. Kg3 Rb3+ 1/2-1/2

[Event "Bundesliga 0708"]
[Site "Germany"]
[Date "2008.04.06"]
[Round "13.5"]
[White "Hansen, Sune Berg"]
[Black "Moser, Eva"]
[Result "1-0"]
[WhiteElo "2564"]
[BlackElo "2412"]
[PlyCount "97"]
[EventDate "2007.10.20"]
[EventType "team-tourn"]
[EventRounds "15"]
[EventCountry "GER"]
[SourceTitle "CBM 124"]
[Source "ChessBase"]
[SourceDate "2008.05.28"]
[SourceVersion "1"]
[SourceVersionDate "2008.05.28"]
[SourceQuality "1"]
[WhiteTeam "Hamburger SK"]
[BlackTeam "Kreuzberg"]
[WhiteTeamCountry "GER"]
[BlackTeamCountry "GER"]

1. e4 c5 2. Nf3 Nc6 3. Bb5 g6 4. Bxc6 bxc6 5. O-O Bg7 6. Re1 Nh6 7. c3 O-O 8.
h3 f6 9. d4 cxd4 10. cxd4 Nf7 11. Nc3 Qa5 12. Qc2 Ba6 13. Bd2 Rab8 14. b3 Qh5
15. Be3 Rfc8 16. Rac1 Qa5 17. Nd2 d6 18. a3 Qd8 19. b4 Qd7 20. Qa2 f5 21. Nf3
e6 22. e5 d5 23. Na4 Bc4 24. Nc5 Qe7 25. Rxc4 dxc4 26. Qxc4 Re8 27. h4 h6 28.
g3 Kh7 29. Kg2 g5 30. Rh1 g4 31. Ne1 Nd8 32. Ned3 Nb7 33. Na6 Rbc8 34. Nf4 Qd7
35. Rc1 Bf8 36. Rc3 Qf7 37. Kh2 Kh8 38. Qe2 Be7 39. Qc2 Bf8 40. b5 c5 41. dxc5
Bg7 42. h5 Kg8 43. Ng6 Na5 44. c6 f4 45. gxf4 Red8 46. Rd3 Rd5 47. Rxd5 exd5
48. Qd1 Nc4 49. Qxg4 1-0

[Event "Bundesliga 0708"]
[Site "Germany"]
[Date "2008.04.05"]
[Round "12.5"]
[White "Moser, Eva"]
[Black "Nyback, Tomi"]
[Result "0-1"]
[WhiteElo "2412"]
[BlackElo "2565"]
[PlyCount "66"]
[EventDate "2007.10.20"]
[EventType "team-tourn"]
[EventRounds "15"]
[EventCountry "GER"]
[SourceTitle "CBM 124"]
[Source "ChessBase"]
[SourceDate "2008.05.28"]
[SourceVersion "1"]
[SourceVersionDate "2008.05.28"]
[SourceQuality "1"]
[WhiteTeam "Kreuzberg"]
[BlackTeam "Werder Bremen"]
[WhiteTeamCountry "GER"]
[BlackTeamCountry "GER"]

1. Nf3 d5 2. g3 c6 3. Bg2 Bg4 4. O-O Nd7 5. d3 e5 6. e4 dxe4 7. dxe4 Ngf6 8.
Nbd2 Bc5 9. h3 Bh5 10. Qe1 Qc7 11. Nb3 Bb6 12. a4 a5 13. Be3 O-O 14. Nfd2 Ne8
15. Bxb6 Nxb6 16. f4 exf4 17. gxf4 f6 18. e5 fxe5 19. fxe5 Rxf1+ 20. Nxf1 Nd7
21. e6 Ndf6 22. Qg3 Bg6 23. Qxc7 Nxc7 24. Nc5 Nfd5 25. Nxb7 Nxe6 26. c4 Ndf4
27. Bxc6 Nd4 28. Bh1 Rf8 29. Kh2 Nfe2 30. Bd5+ Kh8 31. Nxa5 Rf2+ 32. Kh1 Bh5
33. Rd1 Nf3 0-1

[Event "AUT-chT 0708"]
[Site "Austria"]
[Date "2008.03.16"]
[Round "11.5"]
[White "Baumegger, Siegfried"]
[Black "Moser, Eva"]
[Result "1-0"]
[WhiteElo "2440"]
[BlackElo "2402"]
[PlyCount "91"]
[EventDate "2007.11.30"]
[EventType "team-tourn"]
[EventRounds "11"]
[EventCountry "AUT"]
[SourceTitle "EXT 2009"]
[Source "ChessBase"]
[SourceDate "2008.11.26"]
[SourceVersion "1"]
[SourceVersionDate "2008.11.26"]
[SourceQuality "1"]
[WhiteTeam "Baden"]
[BlackTeam "Graz Styria"]
[WhiteTeamCountry "AUT"]
[BlackTeamCountry "AUT"]

1. c4 Nf6 2. Nc3 d5 3. cxd5 Nxd5 4. Nf3 g6 5. e4 Nxc3 6. bxc3 Bg7 7. d4 c5 8.
Be3 Qa5 9. Qd2 Nc6 10. Rb1 cxd4 11. cxd4 O-O 12. Qxa5 Nxa5 13. Bd3 f5 14. Ke2
fxe4 15. Bxe4 Be6 16. d5 Bf5 17. Bxf5 Rxf5 18. Rhd1 Rc8 19. Rbc1 Rxc1 20. Rxc1
h6 21. Rc5 b6 22. Rc7 Rxd5 23. Rxa7 Nc4 24. a4 Kf7 25. Nd2 Nxe3 26. fxe3 b5 27.
a5 b4 28. Nb3 Rg5 29. g3 Rh5 30. h4 Rb5 31. a6 Rb6 32. Kd3 Be5 33. g4 Rc6 34.
Na5 Rc3+ 35. Ke4 Bc7 36. Rb7 Ra3 37. Nc4 Rxa6 38. Rxc7 b3 39. Rb7 Ra4 40. Kd4
Ra1 41. Rxb3 Rh1 42. Ne5+ Kf6 43. Rb6+ e6 44. Rb7 Rxh4 45. Rf7+ Kg5 46. Nf3+
1-0

[Event "AUT-chT 0708"]
[Site "Austria"]
[Date "2008.03.15"]
[Round "10.5"]
[White "Moser, Eva"]
[Black "Kraemer, Martin"]
[Result "1-0"]
[WhiteElo "2402"]
[BlackElo "2436"]
[PlyCount "50"]
[EventDate "2007.11.30"]
[EventType "team-tourn"]
[EventRounds "11"]
[EventCountry "AUT"]
[SourceTitle "EXT 2009"]
[Source "ChessBase"]
[SourceDate "2008.11.26"]
[SourceVersion "1"]
[SourceVersionDate "2008.11.26"]
[SourceQuality "1"]
[WhiteTeam "Graz Styria"]
[BlackTeam "Wulkaprodersdorf"]
[WhiteTeamCountry "AUT"]
[BlackTeamCountry "AUT"]

1. Nf3 Nf6 2. g3 d5 3. Bg2 c6 4. O-O Bg4 5. d3 Nbd7 6. Nbd2 e5 7. e4 Bd6 8. h3
Bh5 9. exd5 cxd5 10. c4 d4 11. b4 Bxb4 12. g4 Bc3 13. Ba3 Bg6 14. Re1 Qa5 15.
Bd6 O-O-O 16. Rb1 Qa6 17. Nxd4 Bxd4 18. Bxb7+ Qxb7 19. Rxb7 Kxb7 20. Qf3+ e4
21. Nxe4 Bxe4 22. Rxe4 Nxe4 23. Qxe4+ Ka6 24. Qxd4 Nb6 25. c5 Nc8 1-0

[Event "AUT-chT 0708"]
[Site "Austria"]
[Date "2008.03.14"]
[Round "9.5"]
[White "Schmittdiel, Eckhard"]
[Black "Moser, Eva"]
[Result "1/2-1/2"]
[WhiteElo "2417"]
[BlackElo "2402"]
[PlyCount "87"]
[EventDate "2007.11.30"]
[EventType "team-tourn"]
[EventRounds "11"]
[EventCountry "AUT"]
[SourceTitle "EXT 2009"]
[Source "ChessBase"]
[SourceDate "2008.11.26"]
[SourceVersion "1"]
[SourceVersionDate "2008.11.26"]
[SourceQuality "1"]
[WhiteTeam "Absam"]
[BlackTeam "Graz Styria"]
[WhiteTeamCountry "AUT"]
[BlackTeamCountry "AUT"]

1. Nf3 Nf6 2. g3 d5 3. Bg2 c6 4. b3 Bg4 5. Bb2 Nbd7 6. O-O e6 7. d4 Be7 8. Nbd2
O-O 9. Re1 a5 10. a4 Bb4 11. c3 Be7 12. e4 dxe4 13. Nxe4 Nxe4 14. Rxe4 Nf6 15.
Re2 Nd5 16. h3 Bh5 17. c4 Bxf3 18. Bxf3 Nb4 19. Qd2 Bg5 20. Qc3 Bf6 21. Qe3 Qb6
22. Rd1 Rad8 23. Red2 Rd7 24. Be4 Rfd8 25. h4 Qc7 26. Bc3 Re7 27. Qf3 Red7 28.
Kg2 Qb6 29. Bb1 Qc7 30. g4 Bxh4 31. Bxh7+ Kxh7 32. Rh1 g5 33. Qf6 Rg8 34. d5
Qd8 35. Qe5 f6 36. Rxh4+ gxh4 37. Qh5+ Kg7 38. dxe6 Rxd2 39. Qf7+ Kh6 40. Bxd2+
Qxd2 41. Qxg8 h3+ 42. Kxh3 Qxf2 43. Qf8+ Kg6 44. Qf7+ 1/2-1/2

[Event "AUT-chT 0708"]
[Site "Austria"]
[Date "2008.03.13"]
[Round "8.5"]
[White "Moser, Eva"]
[Black "Alvir, Aco"]
[Result "1/2-1/2"]
[WhiteElo "2402"]
[BlackElo "2362"]
[PlyCount "51"]
[EventDate "2007.11.30"]
[EventType "team-tourn"]
[EventRounds "11"]
[EventCountry "AUT"]
[SourceTitle "EXT 2009"]
[Source "ChessBase"]
[SourceDate "2008.11.26"]
[SourceVersion "1"]
[SourceVersionDate "2008.11.26"]
[SourceQuality "1"]
[WhiteTeam "Graz Styria"]
[BlackTeam "Pamhagen"]
[WhiteTeamCountry "AUT"]
[BlackTeamCountry "AUT"]

1. d4 Nf6 2. g3 g6 3. Bg2 Bg7 4. e4 d6 5. Ne2 O-O 6. h3 e5 7. Nbc3 c6 8. O-O
Qc7 9. a4 Na6 10. Be3 Re8 11. a5 Bd7 12. Qd2 Rad8 13. Rfd1 Bc8 14. Qc1 Qb8 15.
Kh2 b5 16. axb6 axb6 17. d5 cxd5 18. exd5 Nc7 19. Na2 Bd7 20. Nb4 Rc8 21. Qd2
Rf8 22. Ra2 Nh5 23. Rda1 f5 24. f4 g5 25. Ra7 Rce8 26. Nd3 1/2-1/2

[Event "Cappelle op 24th"]
[Site "Cappelle-la-Grande"]
[Date "2008.02.20"]
[Round "6"]
[White "Moser, Eva"]
[Black "Kienitz, Andre"]
[Result "1/2-1/2"]
[WhiteElo "2402"]
[BlackElo "2193"]
[PlyCount "81"]
[EventDate "2008.02.16"]
[EventType "swiss"]
[EventRounds "9"]
[EventCountry "FRA"]
[SourceTitle "CBM 122 Extra"]
[Source "ChessBase"]
[SourceDate "2008.03.04"]
[SourceVersion "1"]
[SourceVersionDate "2008.03.04"]
[SourceQuality "1"]

1. Nf3 Nf6 2. g3 e6 3. Bg2 d5 4. O-O c5 5. d4 Nc6 6. b3 Be7 7. Bb2 O-O 8. Nbd2
Ne4 9. e3 b6 10. Nxe4 dxe4 11. Ne5 Nxe5 12. Bxe4 Ba6 13. dxe5 Bxf1 14. Bxa8
Qxa8 15. Qxf1 Rd8 16. Rd1 Rxd1 17. Qxd1 Qc6 18. c4 Qe4 19. Bc3 Bf8 20. Qe2 g6
21. f3 Qb1+ 22. Kg2 Bg7 23. Qd2 h5 24. h3 Kh7 25. g4 hxg4 26. hxg4 Kg8 27. e4
Kh7 28. g5 Kg8 29. Qd8+ Kh7 30. Qd2 Kg8 31. Qb2 Qd3 32. Kf2 Qd1 33. Qa1 Qd8 34.
Qc1 Qd3 35. Qb2 Qd8 36. Qd2 Qxd2+ 37. Bxd2 Bxe5 38. b4 Bd6 39. bxc5 Bxc5+ 40.
Be3 Kf8 41. Bxc5+ 1/2-1/2

[Event "Cappelle op 24th"]
[Site "Cappelle-la-Grande"]
[Date "2008.02.19"]
[Round "5"]
[White "Timoshenko, Georgy"]
[Black "Moser, Eva"]
[Result "1-0"]
[WhiteElo "2560"]
[BlackElo "2402"]
[PlyCount "143"]
[EventDate "2008.02.16"]
[EventType "swiss"]
[EventRounds "9"]
[EventCountry "FRA"]
[SourceTitle "CBM 122 Extra"]
[Source "ChessBase"]
[SourceDate "2008.03.04"]
[SourceVersion "1"]
[SourceVersionDate "2008.03.04"]
[SourceQuality "1"]

1. e4 c5 2. Nf3 Nc6 3. d4 cxd4 4. Nxd4 Nf6 5. Nc3 e5 6. Ndb5 d6 7. Bg5 a6 8.
Na3 b5 9. Nd5 Be7 10. Bxf6 Bxf6 11. c3 Rb8 12. Nc2 Bg5 13. Be2 O-O 14. O-O f5
15. exf5 Bxf5 16. Ncb4 Nxb4 17. Nxb4 Qb6 18. a4 Be4 19. a5 Qa7 20. Bd3 Ba8 21.
Qh5 Bh6 22. Bc2 Rf6 23. Rae1 Rbf8 24. Re2 e4 25. g3 Rf5 26. Qg4 d5 27. Bb3 Kh8
28. Nc2 Rg5 29. Qe6 Rg6 30. Qe5 Bf4 31. Qd4 Qxd4 32. Nxd4 Bc7 33. Ra1 Bb7 34.
Nc2 Rd6 35. Rd2 Bb8 36. Ne3 Rfd8 37. Kf1 g6 38. Rad1 Bc7 39. Bxd5 Bxa5 40. Ke2
Bxd5 41. Rxd5 Rxd5 42. Rxd5 Kg7 43. Rxd8 Bxd8 44. Nd5 a5 45. Ke3 Bg5+ 46. Nf4
Be7 47. Kxe4 b4 48. cxb4 Bxb4 49. b3 h5 50. h3 Be1 51. Nd3 Bc3 52. f4 Kf6 53.
g4 hxg4 54. hxg4 Bd2 55. Nc5 Bb4 56. Kd5 Kf7 57. Ne4 Be1 58. Kd6 Bb4+ 59. Kd7
Be1 60. Nd6+ Kf6 61. Ne4+ Kf7 62. Kd6 Bb4+ 63. Ke5 Be1 64. f5 gxf5 65. gxf5 Bb4
66. f6 Ba3 67. Nd6+ Kf8 68. Ke6 Bb4 69. Nc4 Ke8 70. f7+ Kf8 71. Ne5 Kg7 72. Nc6
1-0

[Event "Cappelle op 24th"]
[Site "Cappelle-la-Grande"]
[Date "2008.02.18"]
[Round "4"]
[White "Moser, Eva"]
[Black "Maiorov, Nikita"]
[Result "1-0"]
[WhiteElo "2402"]
[BlackElo "2525"]
[PlyCount "63"]
[EventDate "2008.02.16"]
[EventType "swiss"]
[EventRounds "9"]
[EventCountry "FRA"]
[SourceTitle "CBM 122 Extra"]
[Source "ChessBase"]
[SourceDate "2008.03.04"]
[SourceVersion "1"]
[SourceVersionDate "2008.03.04"]
[SourceQuality "1"]

1. Nf3 Nf6 2. d4 e6 3. c4 b6 4. Nc3 Bb4 5. Bg5 Bb7 6. Nd2 h6 7. Bh4 Bxc3 8.
bxc3 g5 9. Bg3 d6 10. f3 Qe7 11. e4 Nc6 12. Nb3 Nh5 13. d5 Nb8 14. c5 Nxg3 15.
Bb5+ Kf8 16. hxg3 exd5 17. cxd6 Qxd6 18. Qd4 f6 19. exd5 a6 20. Ba4 Qxg3+ 21.
Kf1 Qf4 22. Re1 Kf7 23. Re4 Qf5 24. Qe3 Bxd5 25. Nd4 Bc4+ 26. Kf2 Qc5 27. Re1
Rf8 28. Re7+ Kg8 29. Qe4 Bf7 30. Qxa8 Qxc3 31. Qe4 c5 32. Rxf7 1-0

[Event "Cappelle op 24th"]
[Site "Cappelle-la-Grande"]
[Date "2008.02.17"]
[Round "2"]
[White "Moser, Eva"]
[Black "Emmenecker, Philippe"]
[Result "1-0"]
[WhiteElo "2402"]
[BlackElo "2181"]
[PlyCount "105"]
[EventDate "2008.02.16"]
[EventType "swiss"]
[EventRounds "9"]
[EventCountry "FRA"]
[SourceTitle "CBM 122 Extra"]
[Source "ChessBase"]
[SourceDate "2008.03.04"]
[SourceVersion "1"]
[SourceVersionDate "2008.03.04"]
[SourceQuality "1"]

1. e4 c5 2. d3 Nc6 3. g3 g6 4. Bg2 Bg7 5. f4 d6 6. Nf3 e6 7. O-O Nge7 8. c3 O-O
9. Be3 b6 10. Bf2 Bb7 11. Re1 Qd7 12. d4 cxd4 13. cxd4 Rac8 14. Nc3 Na5 15. Qe2
Rc7 16. e5 d5 17. g4 Rfc8 18. Bh4 Nc4 19. Nd1 Nc6 20. Nf2 h6 21. Bf6 Nb4 22. a3
Nxa3 23. Rxa3 Nc2 24. Rxa7 Nxe1 25. Nxe1 Bf8 26. Nfd3 Qb5 27. Qf2 Ba6 28. Rxc7
Rxc7 29. Bf1 Qa4 30. Bd8 Rc8 31. Bxb6 Bxd3 32. Nxd3 Qd1 33. Qe2 Qb1 34. Bc5 Ra8
35. Qe1 Qc2 36. Qe2 Qb1 37. Bxf8 Kxf8 38. f5 gxf5 39. gxf5 exf5 40. Qd2 Ra6 41.
Qc1 Rg6+ 42. Kh1 Qa2 43. Nf4 Rg5 44. h4 Rg4 45. Qc8+ Kg7 46. Qxf5 Rxh4+ 47. Kg1
Qa7 48. Qf6+ Kg8 49. Qd8+ Kg7 50. Qf6+ Kg8 51. Qxh4 Qxd4+ 52. Qf2 Qxe5 53. Qg3+
1-0